<?xml version="1.0" encoding="UTF-8"?>
<record
    xmlns:xsi="http://www.w3.org/2001/XMLSchema-instance"
    xsi:schemaLocation="http://www.loc.gov/MARC21/slim http://www.loc.gov/standards/marcxml/schema/MARC21slim.xsd"
    xmlns="http://www.loc.gov/MARC21/slim">

  <leader>01415nam a22002417a 4500</leader>
  <controlfield tag="005">20260220154125.0</controlfield>
  <controlfield tag="008">      s2552    th                  tha d</controlfield>
  <datafield tag="020" ind1=" " ind2=" ">
    <subfield code="a">9786119000162</subfield>
  </datafield>
  <datafield tag="040" ind1=" " ind2=" ">
    <subfield code="a">NALT</subfield>
  </datafield>
  <datafield tag="041" ind1=" " ind2=" ">
    <subfield code="a">tha</subfield>
  </datafield>
  <datafield tag="090" ind1=" " ind2=" ">
    <subfield code="a">KK 46.5</subfield>
    <subfield code="b">&#xE01;113 2552 &#xE25;.3</subfield>
  </datafield>
  <datafield tag="245" ind1="1" ind2="0">
    <subfield code="a">&#xE01;&#xE0E;&#xE01;&#xE15;&#xE34;&#xE01;&#xE32; WTO &#xE40;&#xE25;&#xE48;&#xE21;&#xE17;&#xE35;&#xE48; 3 : </subfield>
    <subfield code="b">&#xE01;&#xE32;&#xE23;&#xE04;&#xE49;&#xE32;&#xE17;&#xE35;&#xE48;&#xE44;&#xE21;&#xE48;&#xE40;&#xE1B;&#xE47;&#xE19;&#xE18;&#xE23;&#xE23;&#xE21; Unfair Trade /</subfield>
    <subfield code="c">&#xE23;&#xE31;&#xE07;&#xE2A;&#xE23;&#xE23;&#xE04;&#xE4C; &#xE18;&#xE19;&#xE30;&#xE1E;&#xE23;&#xE1E;&#xE31;&#xE19;&#xE18;&#xE38;&#xE4C;, &#xE2A;&#xE21;&#xE1A;&#xE39;&#xE23;&#xE13;&#xE4C; &#xE28;&#xE34;&#xE23;&#xE34;&#xE1B;&#xE23;&#xE30;&#xE0A;&#xE31;&#xE22; &#xE1A;&#xE23;&#xE23;&#xE13;&#xE32;&#xE18;&#xE34;&#xE01;&#xE32;&#xE23;</subfield>
  </datafield>
  <datafield tag="260" ind1=" " ind2=" ">
    <subfield code="a">&#xE01;&#xE23;&#xE38;&#xE07;&#xE40;&#xE17;&#xE1E;&#xE2F; : </subfield>
    <subfield code="b">&#xE42;&#xE04;&#xE23;&#xE07;&#xE01;&#xE32;&#xE23; WTO Watch (&#xE08;&#xE31;&#xE1A;&#xE01;&#xE23;&#xE30;&#xE41;&#xE2A;&#xE2D;&#xE07;&#xE04;&#xE4C;&#xE01;&#xE32;&#xE23;&#xE01;&#xE32;&#xE23;&#xE04;&#xE49;&#xE32;&#xE42;&#xE25;&#xE01;), </subfield>
    <subfield code="c">2552</subfield>
  </datafield>
  <datafield tag="300" ind1=" " ind2=" ">
    <subfield code="a">133 &#xE2B;&#xE19;&#xE49;&#xE32; ;</subfield>
    <subfield code="c"> 21 &#xE0B;&#xE21;.</subfield>
  </datafield>
  <datafield tag="610" ind1="2" ind2="0">
    <subfield code="a">&#xE2D;&#xE07;&#xE04;&#xE4C;&#xE01;&#xE32;&#xE23;&#xE01;&#xE32;&#xE23;&#xE04;&#xE49;&#xE32;&#xE42;&#xE25;&#xE01; </subfield>
    <subfield code="x">&#xE01;&#xE0E;&#xE2B;&#xE21;&#xE32;&#xE22;&#xE41;&#xE25;&#xE30;&#xE23;&#xE30;&#xE40;&#xE1A;&#xE35;&#xE22;&#xE1A;&#xE02;&#xE49;&#xE2D;&#xE1A;&#xE31;&#xE07;&#xE04;&#xE31;&#xE1A;</subfield>
    <subfield code="9">40502</subfield>
  </datafield>
  <datafield tag="650" ind1=" " ind2="4">
    <subfield code="a">&#xE01;&#xE32;&#xE23;&#xE04;&#xE49;&#xE32;&#xE23;&#xE30;&#xE2B;&#xE27;&#xE48;&#xE32;&#xE07;&#xE1B;&#xE23;&#xE30;&#xE40;&#xE17;&#xE28;</subfield>
    <subfield code="9">5267</subfield>
    <subfield code="x">&#xE01;&#xE0E;&#xE2B;&#xE21;&#xE32;&#xE22;&#xE41;&#xE25;&#xE30;&#xE23;&#xE30;&#xE40;&#xE1A;&#xE35;&#xE22;&#xE1A;&#xE02;&#xE49;&#xE2D;&#xE1A;&#xE31;&#xE07;&#xE04;&#xE31;&#xE1A;</subfield>
  </datafield>
  <datafield tag="700" ind1="0" ind2=" ">
    <subfield code="9">14812</subfield>
    <subfield code="a">&#xE23;&#xE31;&#xE07;&#xE2A;&#xE23;&#xE23;&#xE04;&#xE4C; &#xE18;&#xE19;&#xE30;&#xE1E;&#xE23;&#xE1E;&#xE31;&#xE19;&#xE18;&#xE38;&#xE4C;</subfield>
  </datafield>
  <datafield tag="700" ind1="0" ind2=" ">
    <subfield code="9">49632</subfield>
    <subfield code="a">&#xE2A;&#xE21;&#xE1A;&#xE39;&#xE23;&#xE13;&#xE4C; &#xE28;&#xE34;&#xE23;&#xE34;&#xE1B;&#xE23;&#xE30;&#xE0A;&#xE31;&#xE22;</subfield>
  </datafield>
  <datafield tag="850" ind1=" " ind2=" ">
    <subfield code="a">NALT</subfield>
  </datafield>
  <datafield tag="856" ind1="4" ind2="0">
    <subfield code="u">https://hdl.handle.net/20.500.14156/424414</subfield>
    <subfield code="7">1</subfield>
  </datafield>
  <datafield tag="942" ind1=" " ind2=" ">
    <subfield code="c">LB</subfield>
    <subfield code="0">3</subfield>
    <subfield code="2">lcc</subfield>
  </datafield>
  <datafield tag="998" ind1=" " ind2=" ">
    <subfield code="j">111</subfield>
    <subfield code="k"> &#xE19;&#xE32;&#xE07;&#xE2A;&#xE32;&#xE27;&#xE1E;&#xE08;&#xE1E;&#xE34;&#xE13;  &#xE1E;&#xE23;&#xE21;&#xE40;&#xE2D;&#xE35;&#xE48;&#xE22;&#xE21;</subfield>
  </datafield>
  <datafield tag="999" ind1=" " ind2=" ">
    <subfield code="c">57385</subfield>
    <subfield code="d">57385</subfield>
  </datafield>
  <datafield tag="952" ind1=" " ind2=" ">
    <subfield code="0">0</subfield>
    <subfield code="1">0</subfield>
    <subfield code="4">0</subfield>
    <subfield code="7">0</subfield>
    <subfield code="8">CLAW</subfield>
    <subfield code="a">NALT</subfield>
    <subfield code="b">NALT</subfield>
    <subfield code="d">2024-01-30</subfield>
    <subfield code="e">&#xE1A;&#xE23;&#xE34;&#xE08;&#xE32;&#xE04;</subfield>
    <subfield code="l">3</subfield>
    <subfield code="o">KK 46.5 &#xE01;113 2552 &#xE25;.3</subfield>
    <subfield code="p">3961175614</subfield>
    <subfield code="r">2026-02-26 00:00:00</subfield>
    <subfield code="s">2026-02-20</subfield>
    <subfield code="w">2017-06-09</subfield>
    <subfield code="y">LB</subfield>
  </datafield>
</record>
